Normal view
MARC view
Entry Personal Name
001 - CONTROL NUMBER
- control field: 49153
003 - CONTROL NUMBER IDENTIFIER
- control field: OSt
005 - DATE AND TIME OF LATEST TRANSACTION
- control field: 20241129150148.0
008 - FIXED-LENGTH DATA ELEMENTS
- fixed length control field: 241129|| aca||aabn | a|a d
040 ## - CATALOGING SOURCE
- Original cataloging agency: OSt
- Transcribing agency: OSt
100 ## - HEADING--PERSONAL NAME
- Personal name: Duxbury, Scott W.
670 ## - SOURCE DATA FOUND
- Source citation: Work cat.: (OSt): Duxbury, Scott W. , Collaborating on the carceral state: Political elite polarization and the expansion of federal crime legislation networks, 1979 to 2005
